Reunión de estudio sobre la adaptación de la empresa agraria española al desarrollo económico-social. (Record no. 126545)

MARC details
000 -LEADER
campo de control de longitud fija 00525nam a2200157 4500
001 - NÚMERO DE CONTROL
campo de control 126545
003 - IDENTIFICADOR DE NÚMERO DE CONTROL
campo de control ES-MaACL
005 - FECHA Y HORA DE LA ÚLTIMA TRANSACCIÓN
campo de control 20230906192834.0
007 - CAMPO FIJO DE DESCRIPCIÓN FÍSICA--INFORMACIÓN GENERAL
campo de control de longitud fija t|
008 - DATOS DE LONGITUD FIJA--INFORMACIÓN GENERAL
campo de control de longitud fija 070214s1968 sp r ||||1| spa d
245 00 - MENCIÓN DEL TÍTULO
Título Reunión de estudio sobre la adaptación de la empresa agraria española al desarrollo económico-social.
260 ## - PUBLICACIÓN, DISTRIBUCIÓN, ETC.
Lugar de publicación, distribución, etc. Madrid :
Nombre del editor, distribuidor, etc. Instituto de Estudios Agro-Sociales,
Fecha de publicación, distribución, etc. 1968.
300 ## - DESCRIPCIÓN FÍSICA
Extensión 360 p. ;
Dimensiones 24 cm.
710 2# - ENTRADA AGREGADA--NOMBRE DE ENTIDAD CORPORATIVA
Nombre de entidad corporativa o nombre de jurisdicción como elemento de entrada Instituto de Estudios Agro-Sociales.
9 (RLIN) 4883
852 ## - LOCALIZACIÓN
Ubicación ES-MaACL
Número de control de estantería C-46666
Sublocalización o colección R.67876
Holdings
Estatus retirado Estado de pérdida Estado de daño No para préstamo Biblioteca de origen Biblioteca actual Ubicación en estantería Fecha de adquisición Fuente de adquisición Total de préstamos Signatura topográfica completa Código de barras Visto por última vez Precio de reemplazo Tipo de ítem Koha
        Biblioteca del Ateneo de Madrid Biblioteca del Ateneo de Madrid Depósito 2 17/01/2008     C-46666 1131803 23/02/2023 23/02/2023 Libro impreso